Sports Quiz

Random Sports or MLB Quiz

MLB 150+ RBI Seasons Quiz Stats

Quiz not verified by Sporcle

Challenge
Share
Tweet
Embed
Score 0/44 Timer 05:00
0 Plays Today
Season (Team) Player % Correct
1921 (New York Yankees)Babe Ruth
99.7%
1926 (New York Yankees)Babe Ruth
99.7%
1927 (New York Yankees)Babe Ruth
99.7%
1929 (New York Yankees)Babe Ruth
99.7%
1930 (New York Yankees)Babe Ruth
99.7%
1931 (New York Yankees)Babe Ruth
99.7%
1927 (New York Yankees)Lou Gehrig
98.6%
1930 (New York Yankees)Lou Gehrig
98.6%
1931 (New York Yankees)Lou Gehrig
98.6%
1932 (New York Yankees)Lou Gehrig
98.6%
1934 (New York Yankees)Lou Gehrig
98.6%
1936 (New York Yankees)Lou Gehrig
98.6%
1937 (New York Yankees)Lou Gehrig
98.6%
1998 (Chicago Cubs)Sammy Sosa
97.6%
2001 (Chicago Cubs)Sammy Sosa
97.6%
2007 (New York Yankees)Alex Rodriguez
97.6%
1922 (St. Louis Browns)Ken Williams
96.5%
1949 (Boston Red Sox)Ted Williams
96.5%
1930 (Philadelphia A's)Jimmie Foxx
94.8%
1932 (Philadelphia A's)Jimmie Foxx
94.8%
1933 (Philadelphia A's)Jimmie Foxx
94.8%
1938 (Boston Red Sox)Jimmie Foxx
94.8%
Season (Team) Player % Correct
1937 (New York Yankees)Joe DiMaggio
93%
1948 (New York Yankees)Joe DiMaggio
93%
1929 (Chicago Cubs)Hack Wilson
92.7%
1930 (Chicago Cubs)Hack Wilson
92.7%
1998 (Texas Rangers)Juan Gonzalez
92%
1999 (Cleveland Indians)Manny Ramirez
90.6%
1996 (Colorado Rockies)Andres Galarraga
90.2%
1998 (Chicago White Sox)Albert Belle
88.5%
1935 (Detroit Tigers)Hank Greenberg
87.1%
1937 (Detroit Tigers)Hank Greenberg
87.1%
1940 (Detroit Tigers)Hank Greenberg
87.1%
1922 (St. Louis Cardinals)Rogers Hornsby
85.4%
1929 (New York Giants)Mel Ott
85%
2004 (Baltimore Orioles)Miguel Tejada
79.1%
1930 (Philadelphia Phillies)Chuck Klein
65.2%
1929 (Philadelphia A's)Al Simmons
61%
1930 (Philadelphia A's)Al Simmons
61%
1932 (Philadelphia A's)Al Simmons
61%
1962 (Los Angeles Dodgers)Tommy Davis
55.7%
1937 (St. Louis Cardinals)Joe Medwick
53%
1936 (Cleveland Indians)Hal Trosky
42.2%
1949 (Boston Red Sox)Vern Stephens
36.9%

You're not logged in!

Compare scores with friends on all Sporcle quizzes.
Join for Free
OR
Log In

You Might Also Like...

Show Comments

Extras

Created Jan 5, 2017ReportNominate
Tags:MLB Quiz, 150, player, rbi, recorded, season, team

Top Quizzes Today


Score Distribution

Your Account Isn't Verified!

In order to create a playlist on Sporcle, you need to verify the email address you used during registration. Go to your Sporcle Settings to finish the process.

Report this User

Report this user for behavior that violates our Community Guidelines.

Details: